| 000 | 00000nam##2200000za#4500 |
| 001 | 9.639375 |
| 003 | CaOODSP |
| 005 | 20220328113316 |
| 007 | cr ||||||||||| |
| 008 | 150407|1999||||xxc|||||o f|0| 0 fre|d |
| 040 | |aCaOODSP|bfre |
| 043 | |an-cn--- |
| 086 | 1 |aC2-419/1999F-PDF |
| 110 | 1 |aCanada. |bIndustrie Canada. |
| 245 | 10|aVotre commerce dans Internet : |h[ressource électronique]|bgagner la confiance des consommateurs : un guide pour la protection des consommateurs à l'intention des commerces en direct |
| 260 | |aOttawa - Ontario : |bIndustrie Canada |cc1999. |
| 300 | |a19p.|bfigures en couleur, ill. |
| 500 | |aLe n° de catalogue (C2-419/1999) et l'ISBN (0-662-64129-9) de l'édition imprimée bilingue ont été incorrectement copiés dans l'édition électronique. |
| 590 | |a11-28-Supp|b2011-11-17 |
| 691 | 07|aEntreprise|2gcpds |
| 691 | 07|aProtection du consommateur|2gcpds |
| 691 | 07|aTechnologie de l'information|2gcpds |
| 775 | 08|tYour Internet business : |w(CaOODSP)9.695229 |
| 776 | 0#|tYour Internet business : |w(CaOODSP)9.660867 |
| 776 | 0#|tVotre commerce dans Internet : |w(CaOODSP)9.660868 |
| 856 | 40|ahttp://publications.gc.ca|qPDF|s957 Ko|uhttps://publications.gc.ca/collections/Collection/C2-419-1999F.pdf |
| 986 | |a52647B |